Biblioteca

Las setenta semanas (Registro nro. 69067)

Detalles MARC
000 -LÍDER
Campo fijo de descripción fija 02075aam a2200337 i 4500
001 - NÚMERO DE CONTROL
Campo de control 768714001
003 - IDENTIFICADOR DEL NÚMERO DE CONTROL
Campo de control CO-MdFUSB
005 - FECHA Y HORA DE LA ULTIMA TRANSACCIÓN
control field 20231101114146.0
007 - CAMPO FIJO DE DESCRIPCIÓN FIJA--INFORMACIÓN GENERAL
Campo fijo de descripción fija ta
008 - ELEMENTOS DE LONGITUD FIJA -- INFORMACIÓN GENERAL
Campo fijo de descripción fija -- Información general 230927t19911991gt ||||g |||| 00| 0 spa d
040 ## - FUENTE DE CATALOGACIÓN
Agencia de catalogación original CO-MdFUSB
Idioma de catalogación spa
Agencia que realiza la transcripción CO-MdFUSB
Agencia que realiza la modificación CO-MdFUSBC
Convenciones de la descripción rda
041 ## - CÓDIGO DE IDIOMA
Código de idioma para texto/pista de sonido o título separado spa
082 ## - NÚMERO DE CLASIFICACIÓN DECIMAL DEWEY
Número de la edición del Dewey 23
Número de clasificación 236.2
Clave de autor-Numero de item C277
100 ## - ASIENTO PRINCIPAL--NOMBRE PERSONAL
Nombre personal Caringola, Robert,
Término relacionador autor
245 17 - TÍTULO
Título del Material Las setenta semanas
Parte restante del título - Subtitulo : la alternativa histórica
Mención de responsabilidad, etc. / Robert Caringola ; traducido por Carlos E. Velásquez
250 ## - MENCIÓN DE EDICIÓN
Mención de edición Primera edición
264 #1 - PRODUCCIÓN, PUBLICACIÓN, DISTRIBUCIÓN, MANUFACTURA, Y COPYRIGHT
Lugar de producción, publicación, distribución, manufactura Guatemala :
Nombre del productor, publicador, distribuidor Gamma,
Fecha de producción, publicación, distribución, manufactura, o copyright [1991]
264 #4 - PRODUCCIÓN, PUBLICACIÓN, DISTRIBUCIÓN, MANUFACTURA, Y COPYRIGHT
Fecha de producción, publicación, distribución, manufactura, o copyright ©1991
300 ## - DESCRIPCIÓN FÍSICA
Extensión 171 páginas
Dimensiones ; 22 cm.
336 ## - TIPO DE CONTENIDO
Fuente rdacontent
Término de tipo de contenido texto
Código de tipo de contenido txt
337 ## - TIPO DE MEDIO
Fuente rdamedia
Nombre del tipo de medio sin mediación
Código del tipo de medio n
338 ## - TIPO DE SOPORTE
Fuente rdacarrier
Nombre del tipo de soporte volumen
Código Tipo de soporte nc
504 ## - NOTA DE BIBLIOGRAFÍA, ETC.
Nota de bibliografía, etc Incluye índice
505 ## - NOTA DE CONTENIDO
Nota de contenido con formato preestablecido Preparando el escenario -- Investigación del origen de la infusión del error -- Historicismo -- La interpretación correcta -- ¿El rapto antes de la tribulación? -- Y un Reino.
520 ## - NOTA DE RESUMEN, ETC.
Nota de sumario, etc. Setenta semanas.<br/><br/>"la profecía bíblica es Dios mostrándonos la historia (su historia) con anticipación. Una medida Divina de tiempo es una profecía confinada a un periodo especifico de tiempo. Durante este periodo, los eventos profetizados deben de suceder exactamente como fueron predichos".<br/>Esta es la historia de la única medida Divina de tiempo registrada en las sagradas escrituras. Las setenta semanas de Daniel. La verdad de su interpretación comienza con una travesía de regreso a la reforma. Fue durante este periodo de la historia de la iglesia que, el cumplimiento comúnmente aceptado de esta profecía fue hermenéuticamente atacado y distorsionado. Los confusos resultados de este asalto teológico están con nosotros hasta la fecha. Se manifiestan en la enseñanza de que un periodo de siete años de tribulación está aún por venir. Esta doctrina nació en la Europea Contra-Reformista durante el siglo 16.
563 ## - NOTA DE ENCUADERNACIÓN
Nota de encuadernación Rústico
650 #7 - ASIENTO SECUNDARIO DE MATERIA - TERMINO TEMÁTICO
9 (RLIN) 213
Término temático o nombre geográfico como elemento de entrada Escatología
700 ## - ASIENTO SECUNDARIO - NOMBRE PERSONAL
9 (RLIN) 6122
Nombre personal Velásquez, Carlos E.
Responsabilidad traductor
942 ## - TIPO DE MATERIAL (KOHA)
Tipo de Item KOHA Libros General
945 ## - INFORMACIÓN LOCAL DEL REGISTRO
Catalogador sor1564
Existencias
Estado de Material Estado de Perdido Forma de Clasificación Estado de Dañado No para Préstamo Colección Biblioteca de Origen Biblioteca Permanente Fecha de Adquisición Área Total de Préstamos Signatura Topográfica Código de Barras Última vez visto Ejemplar/Existencia Fecha de Remplazo Tipo de Material
    Dewey Decimal Classification     Colección General Biblioteca FUSBC Biblioteca FUSBC 27/09/2023 BIBLIA   G 236.2 C277s 22558 27/09/2023 Ej. 1 27/09/2023 Libros General

Biblioteca FUSBC | Teléfono: (57+4) 349 88 10 Ext. 141| WhatsApp (+57) 3005338115 
E-mail: biblioteca@unisbc.edu.co | Calle 76 87-14 Robledo Palenque, Medellín, Colombia

Con tecnología Koha